| 000 | 00619nam a2200181 i 4500 | ||
|---|---|---|---|
| 001 | 55328 | ||
| 003 | ES-MaACL | ||
| 005 | 20230906163125.0 | ||
| 007 | t| | ||
| 008 | 030917s1928 sp ||||1| spa d | ||
| 100 | 1 |
_aDeniker, Michel. _943693 |
|
| 245 | 1 | 0 |
_aCompendios de medicina y cirugĂa... ginecologĂa / _cpor Michel Deniker y Lucienne Meurs ; traducido por Antonio de Soroa y Pineda. |
| 260 |
_aMadrid : _b[s.n.], _c1928 ( _fImp. Cervantina) |
||
| 300 |
_aVIII, 9-161 p. ; _c17 cm. |
||
| 700 | 1 |
_aMeurs, Lucienne. _980765 |
|
| 700 | 0 |
_aSoroa y Pineda, Antonio de. _9107413 |
|
| 852 |
_aES-MaACL _jB-9755 _bR.18546 |
||
| 999 |
_c55328 _d55328 |
||